书目信息 |
| 题名: |
归因理论及其应用
|
|
| 作者: | 刘永芳 著 | |
| 分册: | ||
| 出版信息: | 济南 山东人民出版社 1998 |
|
| 页数: | 385页 | |
| 开本: | 20cm | |
| 丛书名: | ||
| 单 册: | ||
| 中图分类: | B025.5 | |
| 科图分类: | ||
| 主题词: | 因果性--研究 | |
| 电子资源: | ||
| ISBN: | 7-209-02213-9 | |
| 000 | 00561n|m0 2200205 450 | |
| 001 | 1559764065 | |
| 005 | 20150131163616.32 | |
| 010 | @a7-209-02213-9@dCNY18.50 | |
| 100 | @a20021005d1998 emky0chiy0110 ea | |
| 101 | 0 | @achi |
| 102 | @aCN@b370000 | |
| 105 | @ay z 000yy | |
| 200 | 1 | @a归因理论及其应用@9gui yin li lun ji qi ying yong@f刘永芳著 |
| 210 | @a济南@c山东人民出版社@d1998 | |
| 215 | @a385页@d20cm | |
| 606 | 0 | @a因果性@x研究 |
| 690 | @aB025.5@v5 | |
| 701 | 0 | @a刘永芳@9liu yong fang@4著 |
| 801 | 0 | @aCN@bTSSF@c20150131 |
| 905 | @aZUCC@dB025.5@eJY1 | |
| 归因理论及其应用/刘永芳著.-济南:山东人民出版社,1998 |
| 385页;20cm |
| ISBN 7-209-02213-9:CNY18.50 |
| ● |
| 相关链接 |
|
|
|
|
正题名:归因理论及其应用
索取号:B025.5/JY1
 
预约/预借
| 序号 | 登录号 | 条形码 | 馆藏地/架位号 | 状态 | 备注 |
| 1 | 7857118 | 278571181 | 学院路分馆/ [索取号:B025.5/JY1] | 在馆 |